[Event "DEM U12 2021"]
[Site "Willingen GER"]
[Date "2021.08.26"]
[Round "5"]
[White "Sommer, Justus"]
[Black "Braun, Julian"]
[Result "1-0"]
[Termination "normal"]
[Board "10"]
[WhiteElo "1790"]
[BlackElo "1436"]
[WhiteClock "00:16:47"]
[BlackClock "01:04:20"]
[PlyCount "129"]
[WhiteFideId "16245008"]
[BlackFideId "16289293"]
[EventCountry "GER"]
[EventRounds "9"]
[EventType "swiss"]
[EventDate "2021.08.22"]

1. e4 {[%clk 01:30:48]} {[%emt 00:00:10]} e5 {[%clk 01:30:59]} {[%emt
00:00:03]} 2. Nf3 {[%clk 01:31:06]} {[%emt 00:00:11]} Nc6 {[%clk 01:31:23]}
{[%emt 00:00:08]} 3. Bc4 {[%clk 01:31:24]} {[%emt 00:00:11]} Bc5 {[%clk
01:31:43]} {[%emt 00:00:11]} 4. c3 {[%clk 01:31:46]} {[%emt 00:00:06]} Nf6
{[%clk 01:32:08]} {[%emt 00:00:06]} 5. d4 {[%clk 01:32:05]} {[%emt 00:00:11]}
exd4 {[%clk 01:32:31]} {[%emt 00:00:07]} 6. O-O {[%clk 01:32:26]} {[%emt
00:00:07]} Nxe4 {[%clk 01:32:56]} {[%emt 00:00:08]} 7. cxd4 {[%clk 01:32:35]}
{[%emt 00:00:21]} d5 {[%clk 01:33:05]} {[%emt 00:00:21]} 8. dxc5 {[%clk
01:32:55]} {[%emt 00:00:09]} dxc4 {[%clk 01:33:29]} {[%emt 00:00:05]} 9. Qe2
{[%clk 01:33:07]} {[%emt 00:00:18]} Qd3 {[%clk 01:33:45]} {[%emt 00:00:15]} 10.
Re1 {[%clk 01:33:22]} {[%emt 00:00:15]} f5 {[%clk 01:33:40]} {[%emt 00:00:36]}
11. Nc3 {[%clk 01:33:19]} {[%emt 00:00:32]} O-O {[%clk 01:33:47]} {[%emt
00:00:23]} 12. Nxe4 {[%clk 01:33:20]} {[%emt 00:00:29]} fxe4 {[%clk 01:33:59]}
{[%emt 00:00:18]} 13. Qxe4 {[%clk 01:33:27]} {[%emt 00:00:23]} Qxe4 {[%clk
01:33:48]} {[%emt 00:00:42]} 14. Rxe4 {[%clk 01:33:47]} {[%emt 00:00:09]} Bf5
{[%clk 01:33:10]} {[%emt 00:01:08]} 15. Rxc4 {[%clk 01:33:30]} {[%emt
00:00:47]} Bd3 {[%clk 01:31:28]} {[%emt 00:02:12]} 16. Rf4 {[%clk 01:29:45]}
{[%emt 00:04:14]} Rfe8 {[%clk 01:28:34]} {[%emt 00:03:25]} 17. Bd2 {[%clk
01:25:56]} {[%emt 00:04:19]} Rad8 {[%clk 01:25:07]} {[%emt 00:03:57]} 18. Bc3
{[%clk 01:22:01]} {[%emt 00:04:25]} Re2 {[%clk 01:15:56]} {[%emt 00:09:41]} 19.
h3 {[%clk 01:18:31]} {[%emt 00:04:00]} Bc2 {[%clk 01:10:38]} {[%emt 00:05:48]}
20. Rg4 {[%clk 00:59:55]} {[%emt 00:19:05]} g6 {[%clk 01:09:06]} {[%emt
00:02:02]} 21. h4 {[%clk 00:51:49]} {[%emt 00:08:36]} Rd5 {[%clk 01:05:07]}
{[%emt 00:04:31]} 22. Nd4 {[%clk 00:37:08]} {[%emt 00:15:10]} Nxd4 {[%clk
01:04:26]} {[%emt 00:01:10]} 23. Bxd4 {[%clk 00:34:03]} {[%emt 00:03:35]} Be4
{[%clk 01:01:04]} {[%emt 00:03:53]} 24. Be3 {[%clk 00:33:12]} {[%emt 00:01:21]}
Bd3 {[%clk 00:56:04]} {[%emt 00:05:30]} 25. Rb4 {[%clk 00:32:12]} {[%emt
00:01:29]} b5 {[%clk 00:54:49]} {[%emt 00:01:45]} 26. cxb6 {[%clk 00:31:28]}
{[%emt 00:01:15]} cxb6 {[%clk 00:54:43]} {[%emt 00:00:37]} 27. Rc1 {[%clk
00:30:32]} {[%emt 00:01:25]} Rc2 {[%clk 00:54:09]} {[%emt 00:01:04]} 28. Rxc2
{[%clk 00:28:22]} {[%emt 00:02:41]} Bxc2 {[%clk 00:53:40]} {[%emt 00:00:58]}
29. Rc4 {[%clk 00:28:37]} {[%emt 00:00:14]} Bf5 {[%clk 00:53:04]} {[%emt
00:01:06]} 30. Kh2 {[%clk 00:27:35]} {[%emt 00:01:32]} Kf7 {[%clk 00:52:02]}
{[%emt 00:01:33]} 31. Kg3 {[%clk 00:24:02]} {[%emt 00:04:01]} Ke6 {[%clk
00:50:38]} {[%emt 00:01:56]} 32. Kf3 {[%clk 00:18:49]} {[%emt 00:05:42]} h5
{[%clk 00:50:01]} {[%emt 00:01:08]} 33. Kf4 {[%clk 00:16:29]} {[%emt 00:02:50]}
Rd3 {[%clk 00:47:27]} {[%emt 00:03:04]} 34. f3 {[%clk 00:14:33]} {[%emt
00:02:26]} Kd6 {[%clk 00:45:27]} {[%emt 00:02:30]} 35. Ra4 {[%clk 00:09:56]}
{[%emt 00:05:07]} Rd5 {[%clk 00:42:37]} {[%emt 00:03:20]} 36. Rxa7 {[%clk
00:09:19]} {[%emt 00:01:06]} Rb5 {[%clk 00:42:43]} {[%emt 00:00:24]} 37. b3
{[%clk 00:07:56]} {[%emt 00:01:53]} Bb1 {[%clk 00:42:16]} {[%emt 00:00:58]} 38.
g4 {[%clk 00:06:00]} {[%emt 00:02:26]} hxg4 {[%clk 00:41:42]} {[%emt 00:01:04]}
39. fxg4 {[%clk 00:06:10]} {[%emt 00:00:19]} Rb4+ {[%clk 00:41:48]} {[%emt
00:00:25]} 40. Kg3 {[%clk 00:05:41]} {[%emt 00:00:58]} Rb5 {[%clk 00:41:28]}
{[%emt 00:00:51]} 41. Ra6 {[%clk 00:05:01]} {[%emt 00:01:09]} Kc6 {[%clk
00:41:27]} {[%emt 00:00:32]} 42. Ra4 {[%clk 00:01:00]} {[%emt 00:04:30]} Kd5
{[%clk 00:40:46]} {[%emt 00:01:11]} 43. h5 {[%clk 00:00:44]} {[%emt 00:00:47]}
gxh5 {[%clk 00:41:02]} {[%emt 00:00:14]} 44. gxh5 {[%clk 00:01:07]} {[%emt
00:00:06]} Ke6 {[%clk 00:40:51]} {[%emt 00:00:42]} 45. h6 {[%clk 00:00:37]}
{[%emt 00:01:00]} Rh5 {[%clk 00:39:23]} {[%emt 00:01:57]} 46. Ra6 {[%clk
00:30:03]} {[%emt 00:01:05]} Kf7 {[%clk 01:09:37]} {[%emt 00:00:17]} 47. a4
{[%clk 00:29:32]} {[%emt 00:00:59]} Bc2 {[%clk 01:08:52]} {[%emt 00:01:16]} 48.
Rxb6 {[%clk 00:29:44]} {[%emt 00:00:18]} Rd5 {[%clk 01:07:57]} {[%emt
00:01:24]} 49. Rb7+ {[%clk 00:28:36]} {[%emt 00:01:38]} Kg8 {[%clk 01:08:01]}
{[%emt 00:00:26]} 50. Kg4 {[%clk 00:20:18]} {[%emt 00:08:48]} Rd3 {[%clk
01:06:44]} {[%emt 00:01:48]} 51. Bf4 {[%clk 00:19:49]} {[%emt 00:00:59]} Rd1
{[%clk 01:05:01]} {[%emt 00:02:13]} 52. a5 {[%clk 00:18:28]} {[%emt 00:01:51]}
Rg1+ {[%clk 01:04:58]} {[%emt 00:00:32]} 53. Kf3 {[%clk 00:18:02]} {[%emt
00:00:54]} Rf1+ {[%clk 01:04:59]} {[%emt 00:00:32]} 54. Ke3 {[%clk 00:17:23]}
{[%emt 00:01:09]} Ra1 {[%clk 01:04:48]} {[%emt 00:00:40]} 55. b4 {[%clk
00:17:33]} {[%emt 00:00:21]} Ra4 {[%clk 01:04:21]} {[%emt 00:00:57]} 56. Kd4
{[%clk 00:17:10]} {[%emt 00:00:53]} Bb1 {[%clk 01:04:19]} {[%emt 00:00:32]} 57.
Kc5 {[%clk 00:17:15]} {[%emt 00:00:25]} Bg6 {[%clk 01:04:17]} {[%emt 00:00:32]}
58. Rg7+ {[%clk 00:17:00]} {[%emt 00:00:44]} Kh8 {[%clk 01:04:39]} {[%emt
00:00:09]} 59. Rxg6 {[%clk 00:16:55]} {[%emt 00:00:35]} Ra2 {[%clk 01:04:47]}
{[%emt 00:00:22]} 60. Rc6 {[%clk 00:16:39]} {[%emt 00:00:45]} Rf2 {[%clk
01:04:35]} {[%emt 00:00:41]} 61. Be5+ {[%clk 00:16:30]} {[%emt 00:00:40]} Kh7
{[%clk 01:04:38]} {[%emt 00:00:26]} 62. Bg7 {[%clk 00:16:28]} {[%emt 00:00:33]}
Rg2 {[%clk 01:04:33]} {[%emt 00:00:36]} 63. a6 {[%clk 00:16:13]} {[%emt
00:00:45]} Rg3 {[%clk 01:04:24]} {[%emt 00:00:39]} 64. a7 {[%clk 00:16:31]}
{[%emt 00:00:12]} Rg4 {[%clk 01:04:20]} {[%emt 00:00:34]} 65. Rc7 {[%clk
00:16:47]} {[%emt 00:00:14]} 1-0

[Event "DEM U12 2021"]
[Site "Willingen GER"]
[Date "2021.08.26"]
[Round "5"]
[White "Mündörfer, Sebastian"]
[Black "Dordevic, Tom"]
[Result "0-1"]
[Termination "normal"]
[Board "11"]
[WhiteElo "1176"]
[BlackElo "1594"]
[WhiteClock "00:00:37"]
[BlackClock "00:03:22"]
[PlyCount "78"]
[WhiteFideId "34604367"]
[BlackFideId "16260503"]
[EventCountry "GER"]
[EventRounds "9"]
[EventType "swiss"]
[EventDate "2021.08.22"]

1. d4 {[%clk 01:30:59]} {[%emt 00:00:02]} Nf6 {[%clk 01:30:51]} {[%emt
00:00:08]} 2. c4 {[%clk 01:31:13]} {[%emt 00:00:17]} e6 {[%clk 01:31:15]}
{[%emt 00:00:06]} 3. Nf3 {[%clk 01:31:16]} {[%emt 00:00:26]} d5 {[%clk
01:31:36]} {[%emt 00:00:09]} 4. Nc3 {[%clk 01:30:36]} {[%emt 00:01:10]} Be7
{[%clk 01:31:50]} {[%emt 00:00:16]} 5. cxd5 {[%clk 01:24:55]} {[%emt 00:06:12]}
exd5 {[%clk 01:32:07]} {[%emt 00:00:12]} 6. Bg5 {[%clk 01:18:34]} {[%emt
00:06:51]} h6 {[%clk 01:32:01]} {[%emt 00:00:36]} 7. Bh4 {[%clk 01:18:40]}
{[%emt 00:00:25]} O-O {[%clk 01:31:39]} {[%emt 00:00:52]} 8. e3 {[%clk
01:15:38]} {[%emt 00:03:32]} c6 {[%clk 01:29:01]} {[%emt 00:03:08]} 9. Bd3
{[%clk 01:13:29]} {[%emt 00:02:39]} Re8 {[%clk 01:28:00]} {[%emt 00:01:30]} 10.
Qc2 {[%clk 01:09:16]} {[%emt 00:04:43]} Ne4 {[%clk 01:17:32]} {[%emt 00:10:58]}
11. Bxe7 {[%clk 01:05:23]} {[%emt 00:04:23]} Qxe7 {[%clk 01:17:49]} {[%emt
00:00:13]} 12. O-O {[%clk 00:57:17]} {[%emt 00:08:37]} f5 {[%clk 01:15:06]}
{[%emt 00:03:12]} 13. Be2 {[%clk 00:49:35]} {[%emt 00:08:12]} Nd7 {[%clk
01:05:25]} {[%emt 00:10:12]} 14. Nxe4 {[%clk 00:48:47]} {[%emt 00:01:18]} fxe4
{[%clk 01:05:19]} {[%emt 00:00:35]} 15. Nd2 {[%clk 00:47:39]} {[%emt 00:01:38]}
Nf6 {[%clk 01:03:27]} {[%emt 00:02:22]} 16. a3 {[%clk 00:45:39]} {[%emt
00:02:31]} Qd6 {[%clk 01:00:06]} {[%emt 00:03:51]} 17. Qd1 {[%clk 00:40:07]}
{[%emt 00:06:02]} Re7 {[%clk 00:54:12]} {[%emt 00:06:23]} 18. Re1 {[%clk
00:27:23]} {[%emt 00:13:14]} Bf5 {[%clk 00:43:16]} {[%emt 00:11:26]} 19. Nf1
{[%clk 00:26:44]} {[%emt 00:01:09]} Rae8 {[%clk 00:41:21]} {[%emt 00:02:25]}
20. Ng3 {[%clk 00:26:22]} {[%emt 00:00:52]} Bc8 {[%clk 00:34:47]} {[%emt
00:07:05]} 21. b4 {[%clk 00:22:15]} {[%emt 00:04:37]} b6 {[%clk 00:28:25]}
{[%emt 00:06:52]} 22. Rc1 {[%clk 00:18:45]} {[%emt 00:04:00]} g6 {[%clk
00:23:10]} {[%emt 00:05:45]} 23. Qc2 {[%clk 00:13:57]} {[%emt 00:05:17]} Bb7
{[%clk 00:21:26]} {[%emt 00:02:14]} 24. Qa4 {[%clk 00:13:38]} {[%emt 00:00:49]}
Ba8 {[%clk 00:20:32]} {[%emt 00:01:24]} 25. Qa6 {[%clk 00:09:00]} {[%emt
00:05:09]} h5 {[%clk 00:16:15]} {[%emt 00:04:47]} 26. b5 {[%clk 00:08:56]}
{[%emt 00:00:34]} h4 {[%clk 00:15:02]} {[%emt 00:01:42]} 27. Nf1 {[%clk
00:08:28]} {[%emt 00:00:58]} Nh7 {[%clk 00:12:56]} {[%emt 00:02:36]} 28. Nd2
{[%clk 00:07:34]} {[%emt 00:01:24]} Ng5 {[%clk 00:11:59]} {[%emt 00:01:27]} 29.
Rc2 {[%clk 00:05:57]} {[%emt 00:02:07]} h3 {[%clk 00:10:43]} {[%emt 00:01:46]}
30. g3 {[%clk 00:05:30]} {[%emt 00:00:57]} Rf8 {[%clk 00:07:59]} {[%emt
00:03:14]} 31. Rf1 {[%clk 00:03:48]} {[%emt 00:02:12]} Ref7 {[%clk 00:06:15]}
{[%emt 00:02:14]} 32. Nb3 {[%clk 00:03:19]} {[%emt 00:00:59]} Nf3+ {[%clk
00:05:11]} {[%emt 00:01:35]} 33. Bxf3 {[%clk 00:03:29]} {[%emt 00:00:20]} Rxf3
{[%clk 00:05:32]} {[%emt 00:00:08]} 34. Qxa7 {[%clk 00:02:29]} {[%emt
00:01:30]} Qf6 {[%clk 00:05:29]} {[%emt 00:00:33]} 35. Rcc1 {[%clk 00:02:47]}
{[%emt 00:00:13]} Rxf2 {[%clk 00:05:39]} {[%emt 00:00:19]} 36. Nd2 {[%clk
00:02:09]} {[%emt 00:01:09]} c5 {[%clk 00:04:08]} {[%emt 00:02:08]} 37. dxc5
{[%clk 00:01:15]} {[%emt 00:01:16]} d4 {[%clk 00:04:00]} {[%emt 00:00:38]} 38.
Qxb6 {[%clk 00:01:14]} {[%emt 00:00:31]} Qf7 {[%clk 00:03:28]} {[%emt
00:01:02]} 39. Qd6 {[%clk 00:00:37]} {[%emt 00:01:08]} dxe3 {[%clk 00:03:22]}
{[%emt 00:00:35]} 0-1

[Event "DEM U12 2021"]
[Site "Willingen GER"]
[Date "2021.08.26"]
[Round "5"]
[White "Chugunov, Ivan"]
[Black "Jahnz, Laurin"]
[Result "1-0"]
[Termination "normal"]
[Board "12"]
[WhiteElo "1488"]
[BlackElo "1546"]
[WhiteClock "00:33:39"]
[BlackClock "00:11:15"]
[PlyCount "158"]
[WhiteFideId "16256808"]
[BlackFideId "16261089"]
[EventCountry "GER"]
[EventRounds "9"]
[EventType "swiss"]
[EventDate "2021.08.22"]

1. e4 {[%clk 01:30:53]} {[%emt 00:00:07]} c6 {[%clk 01:30:55]} {[%emt
00:00:06]} 2. d4 {[%clk 01:31:13]} {[%emt 00:00:09]} d5 {[%clk 01:31:22]}
{[%emt 00:00:03]} 3. Nc3 {[%clk 01:31:31]} {[%emt 00:00:12]} dxe4 {[%clk
01:31:45]} {[%emt 00:00:07]} 4. Nxe4 {[%clk 01:31:51]} {[%emt 00:00:10]} Nf6
{[%clk 01:32:09]} {[%emt 00:00:06]} 5. Nxf6+ {[%clk 01:31:49]} {[%emt
00:00:32]} exf6 {[%clk 01:32:32]} {[%emt 00:00:08]} 6. Nf3 {[%clk 01:31:41]}
{[%emt 00:00:37]} Bd6 {[%clk 01:32:55]} {[%emt 00:00:07]} 7. Bd3 {[%clk
01:31:25]} {[%emt 00:00:46]} O-O {[%clk 01:33:18]} {[%emt 00:00:07]} 8. O-O
{[%clk 01:31:21]} {[%emt 00:00:33]} Bg4 {[%clk 01:32:44]} {[%emt 00:01:05]} 9.
h3 {[%clk 01:30:34]} {[%emt 00:01:16]} Bxf3 {[%clk 01:28:51]} {[%emt 00:04:24]}
10. Qxf3 {[%clk 01:29:36]} {[%emt 00:01:28]} Re8 {[%clk 01:29:04]} {[%emt
00:00:17]} 11. b3 {[%clk 01:20:39]} {[%emt 00:09:27]} Bf8 {[%clk 01:21:01]}
{[%emt 00:08:33]} 12. Bb2 {[%clk 01:19:54]} {[%emt 00:01:15]} a5 {[%clk
01:11:41]} {[%emt 00:09:50]} 13. a3 {[%clk 01:15:00]} {[%emt 00:05:24]} Na6
{[%clk 01:06:19]} {[%emt 00:05:52]} 14. Rfe1 {[%clk 01:10:50]} {[%emt
00:04:40]} Nc7 {[%clk 00:56:52]} {[%emt 00:09:57]} 15. c4 {[%clk 01:07:34]}
{[%emt 00:03:46]} Qd7 {[%clk 00:37:45]} {[%emt 00:19:37]} 16. Re3 {[%clk
00:39:40]} {[%emt 00:28:24]} Rxe3 {[%clk 00:33:42]} {[%emt 00:04:33]} 17. fxe3
{[%clk 00:36:54]} {[%emt 00:03:16]} Re8 {[%clk 00:24:26]} {[%emt 00:09:47]} 18.
Re1 {[%clk 00:32:20]} {[%emt 00:05:03]} b6 {[%clk 00:17:41]} {[%emt 00:07:14]}
19. Be4 {[%clk 00:29:47]} {[%emt 00:03:04]} Qd6 {[%clk 00:15:49]} {[%emt
00:02:22]} 20. Bxc6 {[%clk 00:27:39]} {[%emt 00:02:38]} Rd8 {[%clk 00:16:11]}
{[%emt 00:00:08]} 21. Be4 {[%clk 00:23:11]} {[%emt 00:04:58]} Ne6 {[%clk
00:15:17]} {[%emt 00:01:24]} 22. h4 {[%clk 00:15:55]} {[%emt 00:07:45]} Be7
{[%clk 00:14:25]} {[%emt 00:01:23]} 23. g3 {[%clk 00:11:44]} {[%emt 00:04:41]}
Re8 {[%clk 00:12:56]} {[%emt 00:01:59]} 24. Kg2 {[%clk 00:09:46]} {[%emt
00:02:27]} Rc8 {[%clk 00:12:35]} {[%emt 00:00:52]} 25. Qf5 {[%clk 00:09:26]}
{[%emt 00:00:49]} g6 {[%clk 00:12:57]} {[%emt 00:00:09]} 26. Qd5 {[%clk
00:09:50]} {[%emt 00:00:07]} Qxd5 {[%clk 00:11:54]} {[%emt 00:01:33]} 27. Bxd5
{[%clk 00:10:10]} {[%emt 00:00:09]} Nc7 {[%clk 00:12:07]} {[%emt 00:00:18]} 28.
Bf3 {[%clk 00:10:05]} {[%emt 00:00:35]} Ne6 {[%clk 00:10:14]} {[%emt 00:02:23]}
29. Rc1 {[%clk 00:09:22]} {[%emt 00:01:12]} Kg7 {[%clk 00:09:37]} {[%emt
00:01:07]} 30. Kf2 {[%clk 00:08:00]} {[%emt 00:01:52]} Rc7 {[%clk 00:09:44]}
{[%emt 00:00:23]} 31. Bd5 {[%clk 00:07:59]} {[%emt 00:00:31]} Nf8 {[%clk
00:09:39]} {[%emt 00:00:35]} 32. Ra1 {[%clk 00:08:11]} {[%emt 00:00:17]} Nd7
{[%clk 00:07:39]} {[%emt 00:02:30]} 33. Bc3 {[%clk 00:08:27]} {[%emt 00:00:14]}
Bd6 {[%clk 00:07:10]} {[%emt 00:00:59]} 34. b4 {[%clk 00:08:24]} {[%emt
00:00:34]} axb4 {[%clk 00:06:20]} {[%emt 00:01:20]} 35. axb4 {[%clk 00:08:41]}
{[%emt 00:00:13]} f5 {[%clk 00:05:33]} {[%emt 00:01:17]} 36. Bc6 {[%clk
00:08:19]} {[%emt 00:00:53]} Bxb4 {[%clk 00:04:36]} {[%emt 00:01:26]} 37. Bxb4
{[%clk 00:08:05]} {[%emt 00:00:44]} Rxc6 {[%clk 00:05:01]} {[%emt 00:00:05]}
38. Rc1 {[%clk 00:08:29]} {[%emt 00:00:06]} f6 {[%clk 00:03:40]} {[%emt
00:01:51]} 39. Ke2 {[%clk 00:08:35]} {[%emt 00:00:24]} Kf7 {[%clk 00:03:59]}
{[%emt 00:00:11]} 40. Kd3 {[%clk 00:08:54]} {[%emt 00:00:10]} Rc7 {[%clk
00:01:44]} {[%emt 00:02:46]} 41. Ra1 {[%clk 00:08:36]} {[%emt 00:00:47]} h6
{[%clk 00:00:32]} {[%emt 00:01:43]} 42. e4 {[%clk 00:07:40]} {[%emt 00:01:26]}
fxe4+ {[%emt 00:00:53]} 43. Kxe4 {[%clk 00:38:02]} Rxc4 {[%clk 00:28:20]}
{[%emt 00:02:26]} 44. Bd2 {[%clk 00:37:49]} {[%emt 00:00:43]} h5 {[%clk
00:25:59]} {[%emt 00:02:51]} 45. Kd5 {[%clk 00:37:31]} {[%emt 00:00:47]} Rc2
{[%clk 00:26:03]} {[%emt 00:00:26]} 46. Bf4 {[%clk 00:37:11]} {[%emt 00:00:50]}
Ke7 {[%clk 00:05:39]} {[%emt 00:20:55]} 47. Bd6+ {[%clk 00:35:04]} {[%emt
00:02:37]} Kf7 {[%clk 00:05:52]} {[%emt 00:00:17]} 48. Re1 {[%clk 00:32:44]}
{[%emt 00:02:50]} Ne5 {[%clk 00:06:08]} {[%emt 00:00:15]} 49. dxe5 {[%clk
00:32:19]} {[%emt 00:00:54]} fxe5 {[%clk 00:06:25]} {[%emt 00:00:12]} 50. Bxe5
{[%clk 00:31:36]} {[%emt 00:01:13]} Rd2+ {[%clk 00:06:02]} {[%emt 00:00:54]}
51. Kc6 {[%clk 00:30:26]} {[%emt 00:01:41]} Rf2 {[%clk 00:05:32]} {[%emt
00:00:58]} 52. Bf4 {[%clk 00:30:31]} {[%emt 00:00:26]} Rc2+ {[%clk 00:05:30]}
{[%emt 00:00:31]} 53. Kxb6 {[%clk 00:30:50]} {[%emt 00:00:11]} Kf6 {[%clk
00:05:46]} {[%emt 00:00:15]} 54. Rc1 {[%clk 00:30:59]} {[%emt 00:00:20]} Rb2+
{[%clk 00:05:41]} {[%emt 00:00:36]} 55. Kc5 {[%clk 00:31:13]} {[%emt 00:00:16]}
Kf5 {[%clk 00:06:02]} {[%emt 00:00:09]} 56. Kd4 {[%clk 00:31:04]} {[%emt
00:00:39]} Rb4+ {[%clk 00:06:08]} {[%emt 00:00:24]} 57. Rc4 {[%clk 00:31:21]}
{[%emt 00:00:12]} Rb6 {[%clk 00:06:26]} {[%emt 00:00:12]} 58. Rc5+ {[%clk
00:31:09]} {[%emt 00:00:43]} Ke6 {[%clk 00:06:20]} {[%emt 00:00:36]} 59. Rc4
{[%clk 00:31:00]} {[%emt 00:00:39]} Rb1 {[%clk 00:05:27]} {[%emt 00:01:23]} 60.
Ke4 {[%clk 00:30:54]} {[%emt 00:00:36]} Re1+ {[%clk 00:05:51]} {[%emt
00:00:05]} 61. Be3 {[%clk 00:31:18]} {[%emt 00:00:07]} Kf6 {[%clk 00:05:40]}
{[%emt 00:00:40]} 62. Rc6+ {[%clk 00:31:17]} {[%emt 00:00:32]} Kf7 {[%clk
00:06:04]} {[%emt 00:00:05]} 63. Kf4 {[%clk 00:31:01]} {[%emt 00:00:47]} Rf1+
{[%clk 00:06:29]} {[%emt 00:00:05]} 64. Kg5 {[%clk 00:31:02]} {[%emt 00:00:29]}
Rf5+ {[%clk 00:06:52]} {[%emt 00:00:07]} 65. Kh6 {[%clk 00:31:26]} {[%emt
00:00:05]} Re5 {[%clk 00:07:11]} {[%emt 00:00:11]} 66. Bf4 {[%clk 00:31:19]}
{[%emt 00:00:37]} Re8 {[%clk 00:07:34]} {[%emt 00:00:07]} 67. Rxg6 {[%clk
00:31:40]} {[%emt 00:00:09]} Rh8+ {[%clk 00:07:51]} {[%emt 00:00:13]} 68. Kg5
{[%clk 00:31:56]} {[%emt 00:00:15]} Ra8 {[%clk 00:08:00]} {[%emt 00:00:20]} 69.
Kxh5 {[%clk 00:31:51]} {[%emt 00:00:36]} Ra5+ {[%clk 00:08:24]} {[%emt
00:00:06]} 70. Rg5 {[%clk 00:32:02]} {[%emt 00:00:19]} Ra8 {[%clk 00:08:49]}
{[%emt 00:00:05]} 71. Re5 {[%clk 00:32:10]} {[%emt 00:00:22]} Kf6 {[%clk
00:09:09]} {[%emt 00:00:10]} 72. Rb5 {[%clk 00:32:22]} {[%emt 00:00:18]} Rg8
{[%clk 00:09:17]} {[%emt 00:00:21]} 73. Bg5+ {[%clk 00:32:32]} {[%emt
00:00:21]} Ke6 {[%clk 00:09:23]} {[%emt 00:00:24]} 74. Kg4 {[%clk 00:32:38]}
{[%emt 00:00:24]} Ra8 {[%clk 00:09:47]} {[%emt 00:00:06]} 75. h5 {[%clk
00:32:54]} {[%emt 00:00:13]} Kf7 {[%clk 00:10:14]} {[%emt 00:00:04]} 76. Kf5
{[%clk 00:33:08]} {[%emt 00:00:16]} Kg8 {[%clk 00:10:29]} {[%emt 00:00:15]} 77.
Rb7 {[%clk 00:33:28]} {[%emt 00:00:10]} Rf8+ {[%clk 00:10:46]} {[%emt
00:00:12]} 78. Kg6 {[%clk 00:33:43]} {[%emt 00:00:15]} Rc8 {[%clk 00:11:06]}
{[%emt 00:00:09]} 79. Bf6 {[%clk 00:33:39]} {[%emt 00:00:36]} Ra8 {[%clk
00:11:15]} {[%emt 00:00:21]} 1-0

[Event "DEM U12 2021"]
[Site "Willingen GER"]
[Date "2021.08.26"]
[Round "5"]
[White "Zobel, Christian"]
[Black "Nönnig, Jakob"]
[Result "0-1"]
[Termination "normal"]
[Board "13"]
[WhiteElo "1641"]
[BlackElo "1442"]
[WhiteClock "00:44:28"]
[BlackClock "00:49:22"]
[PlyCount "40"]
[WhiteFideId "16259068"]
[BlackFideId "16289447"]
[EventCountry "GER"]
[EventRounds "9"]
[EventType "swiss"]
[EventDate "2021.08.22"]

1. e4 {[%clk 01:30:41]} {[%emt 00:00:19]} e5 {[%clk 01:30:52]} {[%emt
00:00:09]} 2. Nf3 {[%clk 01:31:03]} {[%emt 00:00:07]} Nc6 {[%clk 01:31:16]}
{[%emt 00:00:06]} 3. Bc4 {[%clk 01:31:25]} {[%emt 00:00:08]} Bc5 {[%clk
01:31:38]} {[%emt 00:00:08]} 4. c3 {[%clk 01:31:40]} {[%emt 00:00:15]} Nf6
{[%clk 01:31:57]} {[%emt 00:00:10]} 5. d3 {[%clk 01:32:00]} {[%emt 00:00:11]}
d6 {[%clk 01:31:54]} {[%emt 00:00:32]} 6. O-O {[%clk 01:31:57]} {[%emt
00:00:34]} Be6 {[%clk 01:28:18]} {[%emt 00:04:06]} 7. Bb3 {[%clk 01:30:59]}
{[%emt 00:01:29]} Qe7 {[%clk 01:23:54]} {[%emt 00:04:53]} 8. Nbd2 {[%clk
01:29:35]} {[%emt 00:01:53]} O-O {[%clk 01:22:04]} {[%emt 00:02:21]} 9. h3
{[%clk 01:28:01]} {[%emt 00:02:03]} Rad8 {[%clk 01:18:39]} {[%emt 00:03:56]}
10. Re1 {[%clk 01:19:41]} {[%emt 00:08:51]} Rfe8 {[%clk 01:15:37]} {[%emt
00:03:32]} 11. Nf1 {[%clk 01:17:42]} {[%emt 00:02:27]} h6 {[%clk 01:13:56]}
{[%emt 00:02:12]} 12. Ng3 {[%clk 01:09:21]} {[%emt 00:08:51]} Bb6 {[%clk
01:10:35]} {[%emt 00:03:51]} 13. Bc2 {[%clk 01:00:20]} {[%emt 00:09:32]} Qd7
{[%clk 01:05:45]} {[%emt 00:05:19]} 14. Nh4 {[%clk 00:54:48]} {[%emt 00:06:03]}
Bxh3 {[%clk 00:55:56]} {[%emt 00:10:17]} 15. gxh3 {[%clk 00:53:37]} {[%emt
00:01:43]} Qxh3 {[%clk 00:56:15]} {[%emt 00:00:10]} 16. Nhf5 {[%clk 00:48:59]}
{[%emt 00:05:09]} Ng4 {[%clk 00:55:40]} {[%emt 00:01:05]} 17. Re2 {[%clk
00:43:53]} {[%emt 00:05:36]} Qh2+ {[%clk 00:50:28]} {[%emt 00:05:41]} 18. Kf1
{[%clk 00:44:17]} {[%emt 00:00:06]} Bxf2 {[%clk 00:49:22]} {[%emt 00:01:37]}
19. Rd2 {[%clk 00:44:04]} {[%emt 00:00:42]} Qh3+ {[%clk 00:49:19]} {[%emt
00:00:33]} 20. Ke2 {[%clk 00:44:28]} {[%emt 00:00:07]} Bxg3 {[%clk 00:49:22]}
{[%emt 00:00:26]} 0-1